| 000 | 00779nam a2200229 a 4500 | ||
|---|---|---|---|
| 001 | 41123 | ||
| 003 | BD-RjUL | ||
| 005 | 20211209053331.0 | ||
| 008 | 160516s1968 ii a|||| |||| 00| f ben d | ||
| 020 | _cTk. 6.00 | ||
| 035 | _a(BD-RjUL)41239 | ||
| 040 |
_aBD-RjUL _bben _cBD-RjUL |
||
| 041 | _aben | ||
| 082 |
_223 _a891.443 _bBAB 1968 |
||
| 100 |
_aবসু, সমরেশ _9126284 |
||
| 245 | 1 | 0 |
_aবান্দা / _cসমরেশ বসু |
| 260 |
_aকলকাতা : _bবামাচরণ মুখোপাধ্যায়, _c১৯৬৮ (১৩৭৫) |
||
| 300 |
_a[৬], ২০২ পৃ. : _bচিত্র ; _c২৩ সেমি. |
||
| 650 |
_aবাংলা উপন্যাস _9126507 |
||
| 650 |
_aBengali Fiction _9126508 |
||
| 942 |
_2ddc _cBK |
||
| 999 |
_c41123 _d41123 |
||